Fundamentals of anatomy and physiology Ed 10 Global Edition (Record no. 169876)

MARC details
000 -LEADER
fixed length control field 00646nam a2200217Ia 4500
003 - CONTROL NUMBER IDENTIFIER
control field OSt
005 - DATE AND TIME OF LATEST TRANSACTION
control field 20230413105216.0
008 - FIXED-LENGTH DATA ELEMENTS--GENERAL INFORMATION
fixed length control field 210423s2015 xx 000 0 und d
020 ## - INTERNATIONAL STANDARD BOOK NUMBER
International Standard Book Number 978-1-292-05721-7
040 ## - CATALOGING SOURCE
Transcribing agency AL
041 ## - LANGUAGE CODE
Language code of text/sound track or separate title eng
082 ## - DEWEY DECIMAL CLASSIFICATION NUMBER
Classification number 611
Edition number 23
Item number MARF
100 ## - MAIN ENTRY--PERSONAL NAME
Personal name MARTINI (Frederic H);NATH (Judi L);MARTHOLOMEW (Edwin F)
9 (RLIN) 87700
245 ## - TITLE STATEMENT
Title Fundamentals of anatomy and physiology Ed 10 Global Edition
260 ## - PUBLICATION, DISTRIBUTION, ETC.
Place of publication, distribution, etc. Boston
Name of publisher, distributor, etc. Pearson
Date of publication, distribution, etc. 2015
300 ## - PHYSICAL DESCRIPTION
Extent 1262
Other physical details PB
365 ## - TRADE PRICE
Price amount 5407.5
Currency code USD
650 ## - SUBJECT ADDED ENTRY--TOPICAL TERM
Topical term or geographic name entry element Medical Sciences
9 (RLIN) 87701
906 ## - LOCAL DATA ELEMENT F, LDF (RLIN)
a 10 ; anatomy ; Edition ; Fundamentals ; Global ; physiology
942 ## - ADDED ENTRY ELEMENTS (KOHA)
Source of classification or shelving scheme Dewey Decimal Classification
Koha item type Book
Holdings
Withdrawn status Lost status Damaged status Not for loan Collection code Home library Current library Date acquired Source of acquisition Cost, normal purchase price Total Checkouts Full call number Barcode Date last seen Date last checked out Price effective from Koha item type
        Bio Chemistry St Aloysius PG Library St Aloysius PG Library 02/05/2019 B B Books 5407.50 1 611 MARF PG016378 08/24/2022 12/18/2021 04/26/2021 Book